[Event "Aragon-chT Honor Gr II"]
[Site "Aragon"]
[Date "2023.01.28"]
[Round "1.17"]
[White "Garza Marco, Sergio"]
[Black "Arrieta Restrepo, Steven"]
[Result "1-0"]
[WhiteElo "2397"]
[BlackElo "2039"]
[PlyCount "119"]
[EventDate "2023.01.28"]
[EventType "team-tourn"]
[EventRounds "7"]
[EventCountry "ESP"]
[SourceTitle "EXT 2024"]
[Source "ChessBase"]
[SourceDate "2023.10.10"]
[SourceVersion "1"]
[SourceVersionDate "2023.10.10"]
[SourceQuality "1"]
[WhiteTeam "Helios"]
[BlackTeam "Monzon"]
[WhiteTeamCountry "ESP"]
[BlackTeamCountry "ESP"]

1. e4 c5 2. Nf3 d6 3. Bb5+ Bd7 4. c4 a6 5. Bxd7+ Qxd7 6. 0-0 Nc6 7. d4 cxd4 8. Nxd4 Nf6 9. Nc3 e6 10. Be3 Be7 11. Qe2 0-0 12. Rfd1 Nxd4 13. Rxd4 Qc6 14. Rad1 Rac8 15. Bg5 h6 16. Bh4 g5 17. Bg3 e5 18. Nd5 Nxd5 19. cxd5 Qc5 20. R4d3 Qc4 21. a3 Kg7 22. h3 f5 23. exf5 Rxf5 24. Qd2 Qa4 25. Rc1 Rxc1+ 26. Qxc1 Qb5 27. Qc2 Rf7 28. Qd2 h5 29. f3 Bf6 30. Rc3 Re7 31. Bf2 Kg6 32. Qc2+ Kh6 33. Qf5 Rf7 34. Qe6 Qd7 35. Rd3 Kg6 36. g4 h4 37. Rd2 Kg7 38. Qxd7 Rxd7 39. Bb6 Re7 40. Re2 Kf7 41. Kf2 Kg6 42. Ke3 Rf7 43. Rc2 Bg7 44. Rc8 e4 45. Kxe4 Bxb2 46. Rg8+ Bg7 47. Be3 Re7+ 48. Kd3 Rf7 49. Ke4 Re7+ 50. Kd3 Rf7 51. Ke2 Re7 52. Rd8 Be5 53. Kd3 Rf7 54. Rg8+ Bg7 55. Ke2 Re7 56. Kf2 Kh6 57. f4 Kh7 58. Rd8 gxf4 59. Bxf4 Bd4+ 60. Kf3 1-0

[Event "ESP-chT Rapid"]
[Site "Toledo"]
[Date "2022.09.25"]
[Round "9"]
[White "Garza Marco, Sergio"]
[Black "Alekseenko, Kirill"]
[Result "0-1"]
[WhiteElo "2400"]
[BlackElo "2707"]
[PlyCount "72"]
[EventDate "2022.09.24"]
[EventType "team-swiss (rapid)"]
[EventRounds "9"]
[EventCountry "ESP"]
[SourceTitle "CBM 210 Extra"]
[Source "ChessBase"]
[SourceDate "2022.11.30"]
[SourceVersion "1"]
[SourceVersionDate "2022.11.30"]
[SourceQuality "1"]
[WhiteTeam "Helios"]
[BlackTeam "Silla 60 Aniversario"]
[WhiteTeamCountry "ESP"]
[BlackTeamCountry "ESP"]

1. d4 d5 2. c4 dxc4 3. e3 e5 4. Bxc4 Nc6 5. Qb3 Qd7 6. dxe5 Nxe5 7. Be2 Qe6 8. Nf3 Qxb3 9. axb3 Nxf3+ 10. Bxf3 c6 11. Nd2 Nf6 12. Nc4 Be6 13. Bd2 Nd7 14. Na5 0-0-0 15. Bc3 f6 16. 0-0 Bd6 17. Nc4 Bb8 18. Ba5 b6 19. Bc3 Kb7 20. Rfc1 Nc5 21. Nd2 Bd5 22. Bxd5 Rxd5 23. b4 Nd3 24. Rd1 Rhd8 25. e4 R5d7 26. Nc4 Ne5 27. Rxd7+ Rxd7 28. Bxe5 Bxe5 29. Re1 Rd4 30. b3 b5 31. Nxe5 fxe5 32. f4 Kc7 33. fxe5 Rxb4 34. Re3 a5 35. Kf2 Kd7 36. Rd3+ Ke6 0-1

[Event "ESP-ch 87th"]
[Site "Linares"]
[Date "2022.08.15"]
[Round "6"]
[White "Ilinca Ilinca, Felix Antonio"]
[Black "Garza Marco, Sergio"]
[Result "1/2-1/2"]
[WhiteElo "2177"]
[BlackElo "2408"]
[PlyCount "156"]
[EventDate "2022.08.11"]
[EventType "swiss"]
[EventRounds "9"]
[EventCountry "ESP"]
[SourceTitle "CBM 209 Extra"]
[Source "ChessBase"]
[SourceDate "2022.09.30"]
[SourceVersion "1"]
[SourceVersionDate "2022.09.30"]
[SourceQuality "1"]

1. c4 b6 2. Nc3 Bb7 3. d4 e6 4. a3 f5 5. Nf3 Nf6 6. e3 Be7 7. Be2 0-0 8. 0-0 Qe8 9. d5 Kh8 10. Nd4 Qg6 11. Bf3 Ne4 12. Nxe4 fxe4 13. Bh5 Qh6 14. Bg4 Bd6 15. h3 exd5 16. Nf5 Qg6 17. Nxd6 Qxd6 18. cxd5 Bxd5 19. b4 Qe5 20. Rb1 Bc4 21. Bb2 Qe7 22. Re1 Bd3 23. Rc1 c5 24. Bc3 Nc6 25. Qd2 d6 26. f4 d5 27. b5 Nb8 28. Be2 Bxe2 29. Rxe2 Rd8 30. Rf1 Qf7 31. Rd1 a6 32. a4 axb5 33. axb5 Ra7 34. Rf2 Qe8 35. f5 d4 36. f6 Rad7 37. f7 Rxf7 38. Rxf7 Qxf7 39. exd4 Kg8 40. d5 Nd7 41. Qg5 Rf8 42. Re1 h6 43. Qg3 Nf6 44. Bxf6 Qxf6 45. Rxe4 Rd8 46. Re6 Qd4+ 47. Kh2 Rxd5 48. Rxb6 c4 49. Rxh6 Rxb5 50. Rh4 Qd5 51. Rg4 Rb7 52. Qf4 Rb4 53. Qc7 Qf7 54. Qc8+ Qf8 55. Rxc4 Qxc8 56. Rxc8+ Kf7 57. g4 g5 58. Rc7+ Kg6 59. Rc6+ Kg7 60. Rc3 Rb1 61. Kg3 Rg1+ 62. Kf3 Ra1 63. Ke4 Ra5 64. Rd3 Kf6 65. Rd6+ Kf7 66. Rd5 Ra3 67. Kf5 Rxh3 68. Rd7+ Kg8 69. Kg6 Rf3 70. Kxg5 Rf8 71. Kg6 Ra8 72. Rd6 Rb8 73. g5 Ra8 74. Kh6 Rb8 75. g6 Ra8 76. Rd7 Rb8 77. Rg7+ Kh8 78. Ra7 Kg8 1/2-1/2

[Event "ESP-ch 87th"]
[Site "Linares"]
[Date "2022.08.11"]
[Round "1"]
[White "Garza Marco, Sergio"]
[Black "Vesga Izeta, Markel"]
[Result "1/2-1/2"]
[WhiteElo "2408"]
[BlackElo "2143"]
[PlyCount "76"]
[EventDate "2022.08.11"]
[EventType "swiss"]
[EventRounds "9"]
[EventCountry "ESP"]
[SourceTitle "CBM 209 Extra"]
[Source "ChessBase"]
[SourceDate "2022.09.30"]
[SourceVersion "1"]
[SourceVersionDate "2022.09.30"]
[SourceQuality "1"]

1. d4 Nf6 2. c4 g6 3. Nc3 Bg7 4. e4 d6 5. Be2 0-0 6. Be3 c5 7. d5 e6 8. Nf3 exd5 9. cxd5 Bg4 10. Nd2 Bxe2 11. Qxe2 Re8 12. 0-0 Nbd7 13. f4 a6 14. a4 Qc7 15. Kh1 Rac8 16. a5 Rb8 17. Qd3 b5 18. axb6 Rxb6 19. Nc4 Rb3 20. Ra3 Rxa3 21. Nxa3 Rb8 22. Qxa6 Rxb2 23. Nc4 Rb3 24. Nb5 Qb8 25. Nbxd6 Bf8 26. Bg1 Bxd6 27. Qxd6 Qxd6 28. Nxd6 Rb6 29. e5 Nxd5 30. g3 Rc6 31. Ra1 c4 32. Bd4 c3 33. Ne4 Rc4 34. Ra8+ Kg7 35. e6+ Rxd4 36. exd7 Nb6 37. Ra2 Nxd7 38. Nxc3 Nf6 1/2-1/2

[Event "Aragon-chT Honor Gr I"]
[Site "Aragon"]
[Date "2022.02.12"]
[Round "3.5"]
[White "Hinojar Basa, Alfonso"]
[Black "Garza Marco, Sergio"]
[Result "0-1"]
[WhiteElo "2125"]
[BlackElo "2396"]
[PlyCount "123"]
[EventDate "2022.01.29"]
[EventType "team-tourn"]
[EventRounds "7"]
[EventCountry "ESP"]
[SourceTitle "EXT 2024"]
[Source "ChessBase"]
[SourceDate "2023.10.10"]
[SourceVersion "1"]
[SourceVersionDate "2023.10.10"]
[SourceQuality "1"]
[WhiteTeam "Marcos Frechin"]
[BlackTeam "Helios"]
[WhiteTeamCountry "ESP"]
[BlackTeamCountry "ESP"]

1. e4 d6 2. d4 Nf6 3. Nc3 e5 4. Nf3 exd4 5. Nxd4 Be7 6. Bc4 0-0 7. 0-0 Re8 8. Re1 c6 9. Bf1 Bf8 10. h3 Nbd7 11. g3 a5 12. a4 Nc5 13. Bg2 Qb6 14. b3 g6 15. Bb2 Bg7 16. Qd2 Bd7 17. Rad1 Rad8 18. g4 Bc8 19. Kh1 h6 20. f4 Rd7 21. Re3 Rde7 22. Rde1 Qb4 23. e5 dxe5 24. Rxe5 Rxe5 25. fxe5 Nfd7 26. Nf3 Nf8 27. Nb1 Qxd2 28. Nbxd2 Be6 29. Nd4 Bd5 30. Bxd5 cxd5 31. N2f3 Rc8 32. Nb5 Nfe6 33. Nd6 Rc6 34. Ne8 Na6 35. Re2 Nb4 36. Ne1 d4 37. Nxg7 Kxg7 38. Rd2 Rc5 39. Bxd4 Nxd4 40. Rxd4 Rxe5 41. Nd3 Nxc2 42. Rd7 Re3 43. Kh2 b6 44. h4 Re4 45. Kg3 Rd4 46. Ne5 Kf6 47. Rxd4 Nxd4 48. Nd7+ Ke6 49. Nxb6 Nxb3 50. Kf4 f6 51. h5 g5+ 52. Ke4 Nc5+ 53. Kd4 Nb7 54. Nc4 f5 55. Ne3 Nd6 56. Kc5 f4 57. Nd1 Ke5 58. Kb6 Nc4+ 59. Kb5 Kd4 60. Nf2 f3 61. Nh3 Nb2 62. Nxg5 0-1

[Event "Aragon-chT Honor Gr I"]
[Site "Aragon"]
[Date "2022.02.05"]
[Round "2.13"]
[White "Garza Marco, Sergio"]
[Black "Cid Royo, Jonathan"]
[Result "1-0"]
[WhiteElo "2396"]
[BlackElo "2169"]
[PlyCount "73"]
[EventDate "2022.01.29"]
[EventType "team-tourn"]
[EventRounds "7"]
[EventCountry "ESP"]
[SourceTitle "EXT 2024"]
[Source "ChessBase"]
[SourceDate "2023.10.10"]
[SourceVersion "1"]
[SourceVersionDate "2023.10.10"]
[SourceQuality "1"]
[WhiteTeam "Helios"]
[BlackTeam "La Aurora Estadilla"]
[WhiteTeamCountry "ESP"]
[BlackTeamCountry "ESP"]

1. d4 d5 2. c4 e6 3. Nc3 Nf6 4. cxd5 exd5 5. Bg5 Be7 6. e3 0-0 7. Bd3 c6 8. Qc2 Nbd7 9. Nge2 Re8 10. 0-0 h6 11. Bf4 Nf8 12. h3 Bd6 13. Rab1 Bxf4 14. Nxf4 Ne6 15. Nxe6 Rxe6 16. b4 Qe8 17. b5 Ne4 18. bxc6 bxc6 19. Rfc1 Qe7 20. Ne2 Qh4 21. Nf4 Rf6 22. Bxe4 dxe4 23. Qe2 Rd6 24. Rc5 Qf6 25. Qc2 g6 26. Rc1 Be6 27. Nxe6 Qxe6 28. Re5 Qd7 29. Qxe4 Kf8 30. Qh4 Kg7 31. Qe4 Kf8 32. Qb1 Rd5 33. Qb4+ Kg7 34. Re7 Qf5 35. Rxc6 Rb5 36. Rxf7+ Kxf7 37. Rc7+ 1-0

[Event "ESP-ch 86th"]
[Site "Linares"]
[Date "2021.08.21"]
[Round "6"]
[White "Garza Marco, Sergio"]
[Black "Shirov, Alexei"]
[Result "1/2-1/2"]
[WhiteElo "2389"]
[BlackElo "2662"]
[PlyCount "60"]
[EventDate "2021.08.16"]
[EventType "swiss"]
[EventRounds "9"]
[EventCountry "ESP"]
[SourceTitle "CBM 204 Extra"]
[Source "ChessBase"]
[SourceDate "2021.11.30"]
[SourceVersion "1"]
[SourceVersionDate "2021.11.30"]
[SourceQuality "1"]

1. d4 d5 2. c4 c6 3. Nf3 Nf6 4. Qb3 dxc4 5. Qxc4 Bg4 6. Nbd2 Nbd7 7. g3 e6 8. Bg2 Be7 9. 0-0 0-0 10. Qb3 Qb6 11. Nc4 Qa6 12. Bg5 h6 13. Bxf6 Bxf6 14. e3 Rad8 15. Rfc1 Bxf3 16. Bxf3 e5 17. dxe5 Nxe5 18. Nxe5 Bxe5 19. Rd1 Qb6 20. Qc2 a5 21. Rab1 Rxd1+ 22. Rxd1 Rd8 23. b3 Rxd1+ 24. Qxd1 Qc7 25. Kg2 g6 26. Qd3 Kg7 27. a4 h5 28. Be2 Bf6 29. Qe4 Qe7 30. Qxe7 Bxe7 1/2-1/2

[Event "ESP-ch 86th"]
[Site "Linares"]
[Date "2021.08.16"]
[Round "1"]
[White "Jimenez Fernandez, Rebeca"]
[Black "Garza Marco, Sergio"]
[Result "0-1"]
[WhiteElo "1951"]
[BlackElo "2389"]
[PlyCount "99"]
[EventDate "2021.08.16"]
[EventType "swiss"]
[EventRounds "9"]
[EventCountry "ESP"]
[SourceTitle "CBM 204 Extra"]
[Source "ChessBase"]
[SourceDate "2021.11.30"]
[SourceVersion "1"]
[SourceVersionDate "2021.11.30"]
[SourceQuality "1"]

1. e4 e6 2. d4 d5 3. e5 c5 4. c3 Nc6 5. Nf3 Bd7 6. a3 c4 7. Nbd2 Na5 8. g3 Ne7 9. h4 Bc6 10. Bh3 Qd7 11. Kf1 Ba4 12. Qe2 h6 13. Kg2 0-0-0 14. Nf1 Nb3 15. Rb1 Kb8 16. Bf4 Nc6 17. Ne3 Ka8 18. g4 Be7 19. g5 h5 20. Nc2 Bf8 21. Rhe1 Ne7 22. Na1 Ng6 23. Bg3 Na5 24. Nd2 Rc8 25. Qe3 Ne7 26. Nf3 Rc7 27. Ng1 Nc8 28. Ne2 g6 29. Nf4 Nb6 30. Kh2 Nb3 31. Qe2 Be7 32. Ng2 Na5 33. Ne3 a6 34. Ng2 Ka7 35. Ne3 Bb5 36. Qf3 Rf8 37. Ng2 Ba4 38. Qe2 Rc6 39. Ne3 Na8 40. Ng2 Nc7 41. Nf4 Rh8 42. Ng2 Nb5 43. Qf3 Rf8 44. Nf4 Nc7 45. Ng2 Rb6 46. Nf4 Rb5 47. Ng2 Qc6 48. Qe2 Qb6 49. Ne3 Bxa3 50. Nac2 0-1

[Event "Aragon-chT Honor Gr II"]
[Site "Aragon"]
[Date "2021.05.08"]
[Round "7.9"]
[White "Garza Marco, Sergio"]
[Black "Aranaz Murillo, Amalia"]
[Result "1-0"]
[WhiteElo "2399"]
[BlackElo "2224"]
[PlyCount "163"]
[EventDate "2021.03.13"]
[EventType "team-tourn"]
[EventRounds "7"]
[EventCountry "ESP"]
[SourceTitle "EXT 2024"]
[Source "ChessBase"]
[SourceDate "2023.10.10"]
[SourceVersion "1"]
[SourceVersionDate "2023.10.10"]
[SourceQuality "1"]
[WhiteTeam "Helios"]
[BlackTeam "Palacio de Pioneros II"]
[WhiteTeamCountry "ESP"]
[BlackTeamCountry "ESP"]

1. d4 Nf6 2. c4 b6 3. f3 e6 4. e4 Bb4+ 5. Nc3 c5 6. d5 exd5 7. cxd5 0-0 8. Bd3 d6 9. Nge2 Nbd7 10. a3 Bxc3+ 11. Nxc3 Ne5 12. Be2 a6 13. a4 Bd7 14. 0-0 Ne8 15. f4 Ng6 16. Bd3 f5 17. Qc2 Qf6 18. Be3 Nc7 19. a5 fxe4 20. Nxe4 Qe7 21. Rae1 Bf5 22. Nxc5 bxc5 23. Bxf5 Qf6 24. Be6+ Kh8 25. f5 Ne7 26. Qd2 h6 27. b4 cxb4 28. Bd4 Qg5 29. Qxg5 hxg5 30. f6 gxf6 31. Bxf6+ Rxf6 32. Rxf6 Rb8 33. Ref1 Nexd5 34. Bxd5 Nxd5 35. Rxd6 Ne3 36. Rb1 Nc4 37. Rxa6 b3 38. Rc6 Nxa5 39. Rc5 Ra8 40. Rxg5 Kh7 41. Rb5 Nc4 42. R5xb3 Nd2 43. Rb7+ Kg6 44. Re1 Nc4 45. Rc7 Ra4 46. h3 Nd2 47. Rc6+ Kf5 48. Rd1 Ne4 49. Rf1+ Kg5 50. Kh2 Rb4 51. Rc8 Rb5 52. Rc4 Nd2 53. Rg4+ Kh6 54. Rf8 Kh7 55. h4 Rc5 56. Rf2 Rd5 57. Kh3 Rd3+ 58. Rg3 Rd4 59. Rf7+ Kh6 60. Rf6+ Kh7 61. Rf7+ Kh6 62. Rfg7 Rd6 63. Rg8 Kh7 64. R3g7+ Kh6 65. Re7 Nf1 66. Rf8 Nd2 67. Re3 Nc4 68. Ref3 Kg7 69. Re8 Nd2 70. Rf4 Kh6 71. g3 Kg7 72. Re5 Kh6 73. h5 Rd3 74. Re6+ Kh7 75. Rf7+ Kg8 76. Rc7 Rd8 77. Kg2 Nb3 78. Ree7 Nd4 79. Rg7+ Kh8 80. Rh7+ Kg8 81. Rcg7+ Kf8 82. h6 1-0

[Event "Aragon-chT Honor Gr II"]
[Site "Aragon"]
[Date "2021.05.01"]
[Round "6.19"]
[White "Del Rey, Diego"]
[Black "Garza Marco, Sergio"]
[Result "1/2-1/2"]
[WhiteElo "2383"]
[BlackElo "2399"]
[PlyCount "29"]
[EventDate "2021.03.13"]
[EventType "team-tourn"]
[EventRounds "7"]
[EventCountry "ESP"]
[SourceTitle "EXT 2024"]
[Source "ChessBase"]
[SourceDate "2023.10.10"]
[SourceVersion "1"]
[SourceVersionDate "2023.10.10"]
[SourceQuality "1"]
[WhiteTeam "El Olivar"]
[BlackTeam "Helios"]
[WhiteTeamCountry "ESP"]
[BlackTeamCountry "ESP"]

1. Nf3 d5 2. d4 Nf6 3. c4 e6 4. g3 Be7 5. Bg2 0-0 6. 0-0 dxc4 7. Qc2 b6 8. Ne5 Qxd4 9. Bxa8 Qxe5 10. Bf3 Ba6 11. Bf4 Qc5 12. Be3 Qe5 13. Bf4 Qc5 14. Be3 Qe5 15. Bf4 1/2-1/2

[Event "Aragon-chT Honor Gr II"]
[Site "Aragon"]
[Date "2021.04.17"]
[Round "5.19"]
[White "Garza Marco, Sergio"]
[Black "Accattato Martin, Mario"]
[Result "0-1"]
[WhiteElo "2399"]
[BlackElo "2248"]
[PlyCount "58"]
[EventDate "2021.03.13"]
[EventType "team-tourn"]
[EventRounds "7"]
[EventCountry "ESP"]
[SourceTitle "EXT 2024"]
[Source "ChessBase"]
[SourceDate "2023.10.10"]
[SourceVersion "1"]
[SourceVersionDate "2023.10.10"]
[SourceQuality "1"]
[WhiteTeam "Helios"]
[BlackTeam "Monzon"]
[WhiteTeamCountry "ESP"]
[BlackTeamCountry "ESP"]

1. d4 d5 2. c4 c6 3. Nf3 Nf6 4. Nc3 g6 5. cxd5 cxd5 6. Bf4 Ne4 7. h4 Nc6 8. h5 Bg7 9. e3 Bg4 10. Qb3 Nxc3 11. bxc3 0-0 12. hxg6 fxg6 13. Be2 Na5 14. Qb4 Bxf3 15. gxf3 Rc8 16. Bd3 Nc6 17. Qxb7 Qa5 18. Rc1 Nxd4 19. exd4 Rxc3 20. Rxc3 Qxc3+ 21. Ke2 Rxf4 22. Qxd5+ Kh8 23. Bxg6 h6 24. Be4 Qb2+ 25. Kf1 Rf8 26. Rh5 Qd2 27. Qe6 Bf6 28. Qf5 Qd1+ 29. Kg2 Rg8+ 0-1

[Event "Aragon-ch Fase 1"]
[Site "Zaragoza"]
[Date "2020.10.18"]
[Round "1.2"]
[White "Garza Marco, Sergio"]
[Black "Romero Pallares, Daniel"]
[Result "1-0"]
[WhiteElo "2399"]
[BlackElo "2209"]
[PlyCount "146"]
[EventDate "2020.10.17"]
[EventType "k.o."]
[EventRounds "3"]
[EventCountry "ESP"]
[SourceTitle "EXT 2024"]
[Source "ChessBase"]
[SourceDate "2023.10.10"]
[SourceVersion "1"]
[SourceVersionDate "2023.10.10"]
[SourceQuality "1"]

1. Nf3 Nf6 2. g3 d5 3. Bg2 e6 4. 0-0 Be7 5. b3 0-0 6. c4 b6 7. Bb2 c5 8. e3 Bb7 9. Nc3 Qc8 10. Rc1 Rd8 11. d3 Nc6 12. Qe2 d4 13. Nb5 a6 14. Na3 e5 15. e4 b5 16. Ra1 b4 17. Nc2 a5 18. a4 bxa3 19. Rxa3 Qc7 20. Nfe1 Rdb8 21. f4 Bc8 22. Bc1 Ra7 23. Bd2 Rba8 24. Nf3 Bd6 25. fxe5 Nxe5 26. Nxe5 Bxe5 27. Rfa1 Bg4 28. Qe1 h5 29. Bxa5 Qb8 30. b4 h4 31. bxc5 hxg3 32. h3 Bd7 33. Bb4 Rxa3 34. Rxa3 Rxa3 35. Nxa3 Nh5 36. Nc2 Ba4 37. Na3 Nf4 38. Qb1 Qc8 39. Qf1 Bd7 40. Bd2 Nxg2 41. Qxg2 Bxh3 42. Qf3 Bg4 43. Qf1 Bh3 44. Qf3 Bg4 45. Qf1 Qa6 46. Bf4 Be2 47. Qxe2 Bxf4 48. Nc2 Qh6 49. c6 Qxc6 50. Qg4 g5 51. Kg2 Qa4 52. Nxd4 Qa2+ 53. Qe2 Qa1 54. Nf5 Qh8 55. Nxg3 Bxg3 56. Kxg3 Qh4+ 57. Kg2 g4 58. Qe3 Qf6 59. Kg3 Qg6 60. Qf4 Kf8 61. c5 Ke8 62. Qxg4 Qa6 63. Qg8+ Ke7 64. Qg5+ Ke8 65. Qe5+ Kd7 66. Qd5+ Ke7 67. Qd6+ Qxd6+ 68. cxd6+ Kxd6 69. Kf4 Ke6 70. d4 f6 71. d5+ Ke7 72. Kf5 Kf7 73. d6 Ke8 1-0

[Event "Aragon-chT Honor Gr-I"]
[Site "Aragon"]
[Date "2020.02.01"]
[Round "2.16"]
[White "Antonano Fedz Quincoces, Avelino"]
[Black "Garza Marco, Sergio"]
[Result "1/2-1/2"]
[WhiteElo "2041"]
[BlackElo "2402"]
[PlyCount "95"]
[EventDate "2020.01.25"]
[EventType "team-tourn"]
[EventRounds "7"]
[EventCountry "ESP"]
[SourceTitle "EXT 2022"]
[Source "ChessBase"]
[SourceDate "2021.10.06"]
[SourceVersion "1"]
[SourceVersionDate "2021.10.06"]
[SourceQuality "1"]
[WhiteTeam "St Casablanca II"]
[BlackTeam "Helios"]
[WhiteTeamCountry "ESP"]
[BlackTeamCountry "ESP"]

1. e4 c5 2. Nf3 a6 3. c3 g6 4. d4 cxd4 5. cxd4 d5 6. e5 Nc6 7. Nc3 Bg4 8. Be2 e6 9. 0-0 Nge7 10. Be3 Bg7 11. Qd2 Nf5 12. Ne1 Bxe2 13. Nxe2 0-0 14. g4 Nxe3 15. Qxe3 f5 16. Qf4 Qb6 17. Rd1 Qxb2 18. Rd2 Qa3 19. g5 Rac8 20. Nd3 Qe7 21. Rb1 Rc7 22. Rdb2 b5 23. Nec1 Na5 24. Nb3 Nc4 25. Re2 Na3 26. Rc1 Rxc1+ 27. Nbxc1 Rc8 28. Nb3 Kf7 29. Nbc5 a5 30. Re3 b4 31. Rh3 Rh8 32. Qc1 Nb5 33. Qe3 Nc3 34. Kf1 Nb5 35. Nf4 Nc7 36. Rg3 Rb8 37. Rh3 Kg8 38. Qg3 Bxe5 39. Nxg6 hxg6 40. Qxe5 Qg7 41. Nd7 Qxe5 42. dxe5 Rb7 43. Nf6+ Kf7 44. Rh7+ Kf8 45. Rd7 a4 46. Rd8+ Ke7 47. Rd7+ Kf8 48. Nh7+ 1/2-1/2

[Event "Aragon-chT Honor Gr-I"]
[Site "Aragon"]
[Date "2020.01.25"]
[Round "1.9"]
[White "Sanchez Herrera, Miguel"]
[Black "Garza Marco, Sergio"]
[Result "0-1"]
[WhiteElo "2074"]
[BlackElo "2402"]
[PlyCount "82"]
[EventDate "2020.01.25"]
[EventType "team-tourn"]
[EventRounds "7"]
[EventCountry "ESP"]
[SourceTitle "EXT 2022"]
[Source "ChessBase"]
[SourceDate "2021.10.06"]
[SourceVersion "1"]
[SourceVersionDate "2021.10.06"]
[SourceQuality "1"]
[WhiteTeam "Agrupacion II"]
[BlackTeam "Helios"]
[WhiteTeamCountry "ESP"]
[BlackTeamCountry "ESP"]

1. c4 e5 2. Nc3 Nc6 3. g3 Bc5 4. Bg2 d6 5. e3 a6 6. a3 Ba7 7. b4 Nge7 8. Bb2 h5 9. h4 Bf5 10. d3 Qd7 11. Nge2 f6 12. b5 axb5 13. cxb5 Na5 14. Qa4 Bb6 15. Bxb7 Ra7 16. Be4 Be6 17. Qc2 Nb3 18. Rb1 Nc5 19. Bg2 Ba5 20. 0-0 Bb3 21. Qd2 d5 22. d4 Ne4 23. Qc1 Nd6 24. dxe5 fxe5 25. Ba1 Bc4 26. Rd1 0-0 27. Qb2 Qf5 28. Nf4 Bxc3 29. Qxc3 d4 30. Qb2 Ra5 31. a4 Rxa4 32. Bh3 Qf7 33. Ng2 Ra2 34. Qb4 Qxf2+ 35. Kh2 Rf3 36. Qe1 Rxe3 37. Qxf2 Rxf2 38. b6 cxb6 39. Rxb6 Ndf5 40. Kg1 Ree2 41. g4 hxg4 0-1

[Event "Aragon-chT Honor Gr-B"]
[Site "Aragon"]
[Date "2019.03.02"]
[Round "6.5"]
[White "Garza Marco, Sergio"]
[Black "Adla, Diego Gustavo"]
[Result "1-0"]
[WhiteElo "2407"]
[BlackElo "2441"]
[PlyCount "59"]
[EventDate "2019.01.26"]
[EventType "team-tourn"]
[EventRounds "7"]
[EventCountry "ESP"]
[SourceTitle "EXT 2020"]
[Source "ChessBase"]
[SourceDate "2019.10.17"]
[SourceVersion "1"]
[SourceVersionDate "2019.10.17"]
[SourceQuality "1"]
[WhiteTeam "Helios"]
[BlackTeam "St Casablanca"]
[WhiteTeamCountry "ESP"]
[BlackTeamCountry "ESP"]

1. d4 Nf6 2. c4 e6 3. Nc3 Bb4 4. f3 d5 5. a3 Bxc3+ 6. bxc3 c5 7. cxd5 exd5 8. e3 0-0 9. Bd3 b6 10. Ne2 Ba6 11. 0-0 Re8 12. Ng3 Bxd3 13. Qxd3 Nc6 14. Bb2 c4 15. Qd2 h5 16. Rae1 h4 17. Nh1 h3 18. gxh3 Re6 19. Ng3 Qd7 20. Qg2 Nh7 21. e4 Ne7 22. Kh1 Rf8 23. e5 f5 24. f4 Rh6 25. Rg1 Nc6 26. Nf1 Rf7 27. a4 Nf8 28. Ne3 Ne7 29. Ba3 Nfg6 30. e6 1-0

[Event "ESP-ch 83rd"]
[Site "Linares"]
[Date "2018.08.26"]
[Round "7"]
[White "Domingo Nunez, Ruben"]
[Black "Garza Marco, Sergio"]
[Result "1-0"]
[WhiteElo "2318"]
[BlackElo "2414"]
[PlyCount "113"]
[EventDate "2018.08.20"]
[EventType "swiss"]
[EventRounds "9"]
[EventCountry "ESP"]
[SourceTitle "CBM 186 Extra"]
[Source "ChessBase"]
[SourceDate "2018.08.24"]
[SourceVersion "1"]
[SourceVersionDate "2018.08.24"]
[SourceQuality "1"]

1. e4 c6 2. Nc3 d5 3. Nf3 a6 4. d4 Bg4 5. Be2 e6 6. h3 Bh5 7. g4 Bg6 8. exd5 cxd5 9. h4 Nc6 10. h5 Be4 11. Rh3 h6 12. Be3 Bb4 13. Nd2 Bh7 14. a3 Bd6 15. Nb3 Qc7 16. Qd2 Nge7 17. Nc1 Na5 18. Bd3 Nc4 19. Bxc4 Qxc4 20. Nd3 Qc7 21. f4 Nc8 22. f5 Nb6 23. Bf4 0-0-0 24. Bxd6 Rxd6 25. 0-0-0 exf5 26. Qg2 Re8 27. g5 Kb8 28. gxh6 gxh6 29. Qg7 Bg8 30. Rg1 Nc4 31. Qh8 Rdd8 32. Rhg3 Qc8 33. Nf4 Ne3 34. Rxg8 Rxg8 35. Rxg8 Rxg8 36. Qe5+ Ka7 37. Qxe3 Qc4 38. Qf2 Rd8 39. Kd2 Re8 40. b3 Qc6 41. Ncxd5 Qd6 42. a4 Re4 43. Kc3 Qa3 44. Qf1 Re8 45. Nd3 Rd8 46. Ne3 Rc8+ 47. Kd2 Qd6 48. d5 Qh2+ 49. Qe2 Qh3 50. d6 f4 51. Nxf4 Qh4 52. Nd3 b5 53. axb5 Qg5 54. Qf3 axb5 55. Qxf7+ Kb6 56. Qe6 Rc6 57. Nb4 1-0

[Event "ESP-ch 83rd"]
[Site "Linares"]
[Date "2018.08.23"]
[Round "4"]
[White "Garza Marco, Sergio"]
[Black "Tudela Corbalan, Carlos"]
[Result "1-0"]
[WhiteElo "2414"]
[BlackElo "2246"]
[PlyCount "75"]
[EventDate "2018.08.20"]
[EventType "swiss"]
[EventRounds "9"]
[EventCountry "ESP"]
[SourceTitle "CBM 186 Extra"]
[Source "ChessBase"]
[SourceDate "2018.08.24"]
[SourceVersion "1"]
[SourceVersionDate "2018.08.24"]
[SourceQuality "1"]

1. d4 f5 2. c4 Nf6 3. e3 e6 4. Nc3 Bb4 5. Bd3 b6 6. Nge2 Bb7 7. f3 0-0 8. 0-0 Nc6 9. a3 Bxc3 10. Nxc3 Qe7 11. b4 Kh8 12. Bb2 d6 13. Qd2 Rae8 14. Ne2 Bc8 15. Ng3 Bd7 16. Bc3 Qf7 17. b5 Nd8 18. a4 g6 19. a5 Kg8 20. axb6 axb6 21. Ra7 Bc8 22. Ne2 Nb7 23. Nc1 Nd7 24. Na2 f4 25. exf4 Qxf4 26. Qxf4 Rxf4 27. Be4 d5 28. cxd5 Nd6 29. dxe6 Nf6 30. Bc6 Rxe6 31. Rxc7 Re2 32. Nb4 Be6 33. Ra1 Bf7 34. Nd3 Rf5 35. Ne5 Ba2 36. Re1 Rc2 37. Bb4 Nde8 38. Re7 1-0

[Event "ESP-ch 83rd"]
[Site "Linares"]
[Date "2018.08.22"]
[Round "3"]
[White "Salgado Lopez, Ivan"]
[Black "Garza Marco, Sergio"]
[Result "1-0"]
[WhiteElo "2643"]
[BlackElo "2414"]
[PlyCount "95"]
[EventDate "2018.08.20"]
[EventType "swiss"]
[EventRounds "9"]
[EventCountry "ESP"]
[SourceTitle "CBM 186 Extra"]
[Source "ChessBase"]
[SourceDate "2018.08.24"]
[SourceVersion "1"]
[SourceVersionDate "2018.08.24"]
[SourceQuality "1"]

1. e4 e6 2. d4 d5 3. Nc3 Bb4 4. e5 c5 5. a3 Ba5 6. b4 cxd4 7. Nb5 Bc7 8. f4 Bd7 9. Nxc7+ Qxc7 10. Nf3 Ne7 11. Bd3 Ba4 12. 0-0 Nbc6 13. b5 Na5 14. Rb1 a6 15. bxa6 bxa6 16. Kh1 Nf5 17. Bxf5 exf5 18. Nxd4 0-0 19. Bd2 Nc4 20. Bb4 Ne3 21. Qd3 Nxf1 22. Bxf8 Rxf8 23. Rxf1 Qc4 24. Qxc4 dxc4 25. Rb1 Rd8 26. c3 Bb3 27. Kg1 h6 28. Kf1 Rd5 29. Ke2 g5 30. g3 Ra5 31. Nxb3 cxb3 32. Rxb3 Ra4 33. Kd3 gxf4 34. c4 fxg3 35. hxg3 Kf8 36. Kd4 Ke7 37. Kd5 Ra5+ 38. c5 Rb5 39. Rxb5 axb5 40. Kc6 h5 41. Kb6 h4 42. gxh4 f4 43. h5 f3 44. h6 f2 45. h7 f1Q 46. h8Q Qd3 47. Qf6+ Ke8 48. Qc6+ 1-0